000 00630cam a22001697a 4500
008 180718b2003 xxu||||| |||| 00| 0 eng d
100 _aHarrison, Glenn W.
245 _aRules of thumb for evaluating preferential trading arrangements: evidence from computable general equilibrium assessments
_cby Glenn W. Harrison, Thomas F. Rutherford and David G. Tarr
260 _aWashington, D.C.
_bWorld Bank
_c2003
300 _a9p.
440 _aPolicy research working paper; no. 3149
650 _aRegionalism
650 _aFree trade
650 _aTariff preferences
700 _aTarr, David G.
700 _aRutherford, Thomas F.
999 _c289885
_d289885